000 00411nam a22001697a 4500
003 OSt
008 200715b ||||| |||| 00| 0 eng d
020 _a9788185731957
082 _a572 RAB
100 _aRAO, Gundu. P
245 _aBiochemistry
250 _a2019
260 _aNew delhi
_bVallabh Prakashan
_c2019
300 _a192
650 _aApplied Biochemistry and clinical chemistry
942 _2ddc
_cBK
999 _c9026
_d9026